LEADER 01158nam a2200289 u 4500 001 000000015227 003 CaOOAMICUS 005 20070226105845.0 008 940517s1956 gb u000 u eng u 035 $a10356646 040 $aPUL$bita 100 1 $aFerguson, John,$d1921-1989.$0(OLS)http://pul/name/14020 245 10$aPelagius :$ba historical and theological study /$cby John Ferguson. 260 $aCambridge :$bW. Heffer,$c1956. 300 $aix, 206 p. ;$c22 cm 500 $aComprende indici. 502 $aDiss. -- Cambridge University 504 $aBibliografia: p. 188-192. 600 04$aPelagius,$d350/354-423/429.$0(OLS)http://pul/subject/6731 650 4$aPelagianesimo.$0(OLS)http://pul/subject/6732 710 2 $aUniversity of Cambridge.$0(OLS)http://pul/name/14021 850 $aPUL 852 $aPUL$W1$xSL Religione 1$y3$m74 D 17$j21336$nBK-PRI$b $qStampati$B21336$CPULBib$Z2$F21336 $H $81 941 1 $a8 961 $aINV: 48875 996 $6245$aPelagius :$ba historical and theological study$9(OLS)http://pul/title/21841 996 $6260$aCambridge :$bW. Heffer$9(OLS)http://pul/publisher/54619 LEADER 01202nam a2200289 u 4500 001 000000091128 003 CaOOAMICUS 005 20070226124810.0 008 060213s1969 it u000 u ita u 035 $a11077235 040 $aPUL(R)$bita 041 1 $aita$hger 100 1 $aRingel, Erwin,$d1921-1994.$0(OLS)http://pul/name/9284 240 10$aEinführung in die Grundprobleme der Neurose.$lItaliano.$0(OLS)http://pul/title/117664 245 10$aIntroduzione ai problemi della nevrosi /$cErwin Ringel. 250 $a3. ed. 260 $aRoma :$bEdizioni Paoline,$c1969. 300 $a122 p. ;$c22 cm 490 1 $aBiblioteca di psicologia e pedagogia ;$v16 504 $aComprende indicazioni bibliografiche. 650 4$aNevrosi.$0(OLS)http://pul/subject/7267 830 0$aBiblioteca di psicologia e pedagogia ;$v16.$0(OLS)http://pul/title/117625 850 $aPUL 852 $aPUL$W1$xDP1 Fondo Pastorale$y55$mP20 B 16$j114854$nBK-PRI$b $qFondi$B114854$CPULBib$Z2$F114854 $H $81 941 1 $a1 996 $6245$aIntroduzione ai problemi della nevrosi$9(OLS)http://pul/title/117665 996 $6260$aRoma :$bEdizioni Paoline$9(OLS)http://pul/publisher/47933